[Event "9th Universidad Central"]
[Site "Bogota COL"]
[Date "2015.10.11"]
[Round "7.15"]
[White "Suarez, LuisH"]
[Black "Gemy, J"]
[Result "0-1"]
[WhiteElo "2056"]
[BlackElo "2418"]
[EventDate "2015.10.08"]
[BlackTitle "IM"]
[WhiteFideId "4401638"]
[BlackFideId "3301478"]

1.e4 e5 2.Nf3 Nc6 3.Bc4 Bc5 4.O-O Nf6 5.d3 d6 6.c3 Bg4 7.Re1 Bb6 8.Nbd2 
Ne7 9.Nf1 c6 10.h3 Bd7 11.Bb3 Ng6 12.d4 O-O 13.Ng3 h6 14.Be3 Bc7 15.dxe5 
dxe5 16.Qd2 Nf4 17.Rad1 Qc8 18.Bxf4 exf4 19.e5 fxg3 20.exf6 Bb6 21.Re7 
Bxh3 22.Ne5 Qf5 23.Nxf7 Qxf6 24.Nxh6+ Kh7 25.Rf7 Rxf7 26.Nxf7 Qxf2+ 27.
Qxf2 gxf2+ 28.Kf1 Bg4 29.Rd6 g6 30.Bc2 Re8 31.Ng5+ Kh8 0-1

[Event "9th Universidad Central"]
[Site "Bogota COL"]
[Date "2015.10.12"]
[Round "9.44"]
[White "Acevedo, Jo"]
[Black "Piraquive, Alberto"]
[Result "1-0"]
[WhiteElo "2022"]
[BlackElo "1869"]
[EventDate "2015.10.08"]
[WhiteFideId "4401794"]
[BlackFideId "4428676"]

1.e4 e5 2.Nf3 Nc6 3.Bc4 Bc5 4.b4 Bxb4 5.c3 Bd6 6.O-O Nf6 7.d4 O-O 8.Bg5 h6
9.Bh4 g5 10.Bg3 Nxe4 11.Bxe5 Nxe5 12.dxe5 Be7 13.Nbd2 Nxd2 14.Nxd2 d6 15.
Qh5 dxe5 16.Rad1 Kg7 17.Nf3 Bd6 18.Nxe5 Qf6 19.Nxf7 Rxf7 20.Bxf7 Qxf7 21.
Qe2 Be6 22.Rfe1 Bxa2 23.Qb2 b6 24.c4+ Qf6 25.Qxa2 Rf8 26.Re2 a5 27.c5 Bxc5
1-0

[Event "Chigorin Memorial 2015"]
[Site "St Petersburg RUS"]
[Date "2015.10.10"]
[Round "8.35"]
[White "Baghdasaryan, V"]
[Black "Smirnov, Timofey"]
[Result "1-0"]
[WhiteElo "2439"]
[BlackElo "2289"]
[EventDate "2015.10.03"]
[WhiteTitle "IM"]
[WhiteFideId "13303139"]
[BlackFideId "24176427"]

1.e4 e5 2.Nf3 Nc6 3.Bc4 Bc5 4.b4 Bxb4 5.c3 Be7 6.d4 exd4 7.cxd4 Bb4+ 8.Kf1
Qe7 9.a3 Ba5 10.Ra2 Bb6 11.Re2 Nh6 12.Nc3 O-O 13.Nd5 Qd6 14.e5 Qg6 15.Bd3 
Qe6 16.Nxb6 axb6 17.d5 Qe7 18.dxc6 dxc6 19.Bxh6 gxh6 20.Bb1 Rd8 21.Qc2 
Qxa3 22.Qxh7+ Kf8 23.Qxh6+ Ke8 24.Qh8+ Ke7 25.Qf6+ Ke8 26.Re1 Be6 27.h4 
Qa4 28.h5 Rd1 29.Bf5 Qc4+ 30.Kg1 Raa1 31.Bxe6 Rxe1+ 32.Nxe1 Rxe1+ 33.Kh2 
Rxh1+ 34.Kxh1 Qxe6 35.h6 Qg4 36.f3 Qh5+ 37.Kg1 b5 38.Qg7 Qh4 39.g3 Qd4+ 
40.Kg2 Qd2+ 41.Kh3 Qd7+ 42.Kh4 Qd8+ 43.Kh5 Qd3 44.h7 Qxf3+ 45.Qg4 Qh1+ 46.
Qh4 Qf3+ 47.g4 1-0

[Event "Chigorin Memorial 2015"]
[Site "St Petersburg RUS"]
[Date "2015.10.10"]
[Round "8.133"]
[White "Keadana, Amir"]
[Black "Volkov, Roman"]
[Result "0-1"]
[WhiteElo "1730"]
[BlackElo "2044"]
[EventDate "2015.10.03"]
[WhiteFideId "1519859"]
[BlackFideId "34191442"]

1.e4 e5 2.Nf3 Nc6 3.Bc4 Nf6 4.d4 exd4 5.e5 d5 6.Bb5 Ne4 7.Nxd4 Bc5 8.Be3 
O-O 9.O-O Nxe5 10.Qh5 Bg4 11.Qxe5 Bd6 12.Qxd5 Bxh2+ 0-1

[Event "Chigorin Memorial 2015"]
[Site "St Petersburg RUS"]
[Date "2015.10.11"]
[Round "9.85"]
[White "Beznosikov, V"]
[Black "Lazhevskaya, Z"]
[Result "1-0"]
[WhiteElo "2298"]
[BlackElo "2098"]
[EventDate "2015.10.03"]
[WhiteFideId "4126688"]
[BlackFideId "4143981"]

1.e4 e5 2.Nf3 Nc6 3.Bc4 Nf6 4.Ng5 d5 5.exd5 Na5 6.Bb5+ c6 7.dxc6 bxc6 8.
Bd3 Nd5 9.Nf3 Bd6 10.O-O O-O 11.Be2 e4 12.Ne1 Qc7 13.g3 Bh3 14.Ng2 f5 15.
d3 f4 16.dxe4 fxg3 17.hxg3 Nf6 18.Nc3 Bxg3 19.Qd3 Bh2+ 20.Kh1 Bxg2+ 21.
Kxg2 Rad8 22.Qh3 Bf4 23.Bxf4 Qxf4 24.Rad1 Rde8 25.Rh1 Re5 26.Qh4 Rg5+ 27.
Kf1 Nh5 28.Bxh5 Rxh5 29.Qxf4 Rxh1+ 30.Ke2 Rxf4 31.Rxh1 Nc4 32.b3 Nd6 33.
Ke3 Rg4 34.Rd1 Rg6 35.e5 Nf7 36.f4 Rg3+ 37.Kd4 Rf3 38.e6 Nh6 39.Ke4 1-0

[Event "Chigorin Memorial 2015"]
[Site "St Petersburg RUS"]
[Date "2015.10.11"]
[Round "9.132"]
[White "Abasheeva, Ksenia"]
[Black "Kantyshev, N"]
[Result "0-1"]
[WhiteElo "1780"]
[BlackElo "2030"]
[EventDate "2015.10.03"]
[WhiteFideId "44153848"]
[BlackFideId "4186737"]

1.e4 e5 2.Nf3 Nc6 3.Bc4 d6 4.d4 exd4 5.Nxd4 g6 6.Nxc6 bxc6 7.O-O Bg7 8.Nc3
Ne7 9.Bg5 O-O 10.Qf3 Bb7 11.Rad1 Qd7 12.Rfe1 Rae8 13.h4 h5 14.Rd3 Nf5 15.
Red1 Nh6 16.Qe3 Ng4 17.Qxa7 Ra8 18.Qc5 Ne5 19.Bh6 Nxd3 20.Qg5 Bxh6 21.Qxh6
Ne5 22.Be2 Ba6 23.Bxh5 gxh5 24.Qg5+ Ng6 25.Qxh5 Kg7 26.g3 Rh8 27.Qg5 f6 
28.Qe3 Qg4 29.f4 Rxh4 30.e5 Rah8 31.exf6+ Kf7 32.Rxd6 Rh1+ 33.Kf2 R8h2# 
0-1

[Event "Chigorin Memorial 2015"]
[Site "St Petersburg RUS"]
[Date "2015.10.11"]
[Round "9.149"]
[White "Khlopushin, Dmitriy"]
[Black "Fedoseeva, V"]
[Result "0-1"]
[WhiteElo "1788"]
[BlackElo "1932"]
[EventDate "2015.10.03"]
[WhiteFideId "44147864"]
[BlackFideId "4169875"]

1.e4 e5 2.Nf3 Nc6 3.Bc4 Be7 4.c3 Nf6 5.d3 O-O 6.Be3 d5 7.exd5 Nxd5 8.Nbd2 
Kh8 9.Bb5 Bg4 10.h3 Bh5 11.g4 Bg6 12.Bxc6 bxc6 13.Nxe5 Nxe3 14.fxe3 Bxd3 
15.Ndf3 Bh4+ 16.Nxh4 Qxh4+ 17.Kd2 Be4 18.Qe1 Qe7 19.Rd1 Bxh1 0-1

[Event "Asian Junior Girls 2015"]
[Site "Bishkek KGZ"]
[Date "2015.10.06"]
[Round "4.1"]
[White "Saranya, J"]
[Black "Parnali, S"]
[Result "1-0"]
[WhiteElo "2137"]
[BlackElo "2130"]
[EventDate "2015.10.03"]
[WhiteTitle "WFM"]
[BlackTitle "WIM"]
[WhiteFideId "5031931"]
[BlackFideId "5043131"]

1.e4 e5 2.Nf3 Nc6 3.Bc4 Nf6 4.d3 Bc5 5.O-O h6 6.c3 d6 7.Bb3 O-O 8.h3 Bb6 
9.Nbd2 Ne7 10.Re1 Be6 11.Bc2 Ng6 12.Nf1 Nh5 13.d4 Qf6 14.Ne3 Rad8 15.Ng4 
Qe7 16.Nfh2 Nhf4 17.g3 Nxh3+ 18.Kg2 Ng5 19.f4 exf4 20.gxf4 Bxg4 21.Qxg4 
Nh7 22.f5 Nf6 23.Qh3 Nh8 24.Kh1 Nh7 25.Ng4 f6 26.Nxh6+ gxh6 27.Rg1+ Ng5 
28.Qxh6 Nf7 29.Qg6+ Kh8 30.Rg4 Nh6 31.Qxh6+ Nh7 32.Bd2 Rg8 33.Rg6 c5 34.
Rag1 cxd4 35.R1g4 d5 36.e5 dxc3 37.exf6 Qe2 38.Qxh7+ 1-0

[Event "Asian Junior Girls 2015"]
[Site "Bishkek KGZ"]
[Date "2015.10.07"]
[Round "5.3"]
[White "Oljobai Kyzy, Alisa"]
[Black "Mahdian, Anousha"]
[Result "0-1"]
[WhiteElo "1591"]
[BlackElo "1757"]
[EventDate "2015.10.03"]
[WhiteFideId "13801953"]
[BlackFideId "12571490"]

1.e4 e5 2.Nf3 Nc6 3.Bc4 Bc5 4.d3 Nf6 5.Nc3 h6 6.h3 d6 7.Be3 Bb6 8.Qd2 Be6 
9.Bb3 d5 10.Bxb6 axb6 11.exd5 Nxd5 12.O-O O-O 13.Rfe1 Nf4 14.Bxe6 fxe6 15.
Ne4 Nxh3+ 16.Kf1 Nf4 17.Qc3 Qe8 18.Ng3 Qf7 19.Rxe5 Nd5 20.Qe1 Nxe5 21.Qxe5
Qf6 22.c3 Qxe5 23.Nxe5 Ne3+ 24.Kg1 Nf5 25.Ne2 Ra5 26.d4 Rfa8 27.a3 g5 28.
g4 Nd6 29.f4 Rf8 30.Rf1 Kg7 31.Nd7 Rd8 32.Ne5 Raa8 33.Ng3 Nf7 34.Nh5+ Kg8 
35.Nf6+ Kf8 36.fxg5 Nxe5 37.dxe5 hxg5 38.Nd5+ Kg8 39.Nxc7 Ra5 40.Nxe6 Re8 
41.Nxg5 Raxe5 42.Nf3 Re4 43.g5 Rf8 44.Kg2 Rg4+ 45.Kf2 Rxg5 46.Ke2 Rgf5 47.
Rg1+ Kh7 48.Ng5+ Kh6 49.Ne4 Re8 50.Kd3 Rf3+ 51.Kd4 Rf4 52.Re1 Kg6 53.Kd3 
Rg4 54.Re3 Rg2 55.Rg3+ Rxg3+ 56.Nxg3 Kf6 57.Ne2 Ke5 58.Kc4 Kd6 59.Nd4 Kc7 
60.a4 Re4 61.Kd3 Rh4 62.b3 Rh5 63.b4 Rh1 64.Kc4 Rh5 65.Nb5+ Kc6 66.Nd4+ 
Kc7 67.Nb5+ Kb8 68.Nd4 Ka7 69.Nb5+ Kb8 70.Nd4 Kc7 71.Nb5+ Kd7 72.Nd4 Rh7 
73.Nb3 Kc8 74.Nd4 Rc7+ 75.Kb3 Kd7 76.Nb5 Rc8 77.Nd4 Kd6 78.Nb5+ Kd5 79.Nd4
Ke4 80.Nb5 Kd3 81.Kb2 Rc4 82.Kb3 Rc6 83.Kb2 Kc4 84.Na3+ Kd3 85.Nb5 Rh6 86.
Kb3 Rg6 87.Nd4 Rg2 88.Nb5 Rc2 89.a5 Rh2 90.Nd6 bxa5 91.Nxb7 axb4 92.cxb4 
Rh7 93.Nc5+ Kd4 94.Ka4 Kc4 95.Na6 Rh5 96.Nc5 Rh1 97.Nb3 Rh8 98.Na5+ Kd5 
99.Nb3 Kc6 100.Na5+ Kc7 101.Kb5 Rh5+ 102.Ka4 Rg5 103.Nc4 Kc6 104.Na5+ Kb6 
105.Nc4+ Ka6 106.Na5 Rg4 107.Nb3 Rg7 108.Na5 Rc7 109.Nb3 Kb6 110.Na5 Rc2 
111.Kb3 Rc1 112.Nc4+ Kc6 113.Na3 Kd5 114.Kb2 Rc8 115.Kb3 Kc6 116.Ka4 Rb8 
117.Nc4 Ra8+ 118.Na5+ Kd5 119.Kb5 Rb8+ 120.Ka4 Rb6 121.Nb3 Kc4 122.Nd2+ 
Kd3 123.Ka5 Rb8 124.Nb3 Kc3 125.Nc1 Kc4 126.Ne2 Rxb4 127.Nf4 Rb1 128.Ne6 
Kd5 129.Nc7+ Kc6 130.Ne6 Rb8 131.Nd4+ Kd5 132.Ne2 Kc5 133.Ka4 Rb4+ 134.Ka3
Kc4 135.Nf4 Rb8 136.Ng6 Re8 137.Nf4 Re4 138.Ng6 Kc3 139.Ka2 Ra4+ 140.Kb1 
Rb4+ 141.Ka2 Rb2+ 142.Ka1 Kc2 143.Ne5 Rb4 0-1

[Event "XTRACON GM 2015"]
[Site "Koge DEN"]
[Date "2015.10.12"]
[Round "1.25"]
[White "Nordenbaek, J"]
[Black "Kirkebaekke, Mark"]
[Result "1-0"]
[WhiteElo "2196"]
[BlackElo "1759"]
[EventDate "2015.10.12"]
[WhiteFideId "1401475"]
[BlackFideId "1414917"]

1.e4 e5 2.Nf3 Nc6 3.Bc4 Nf6 4.d3 Bc5 5.c3 O-O 6.O-O h6 7.d4 exd4 8.cxd4 
Bb6 9.e5 Ne8 10.d5 Ne7 11.Nc3 d6 12.Bf4 Ng6 13.Bg3 Bg4 14.Re1 f5 15.exf6 
Nxf6 16.Qd3 Ne7 17.Nd4 Nh5 18.Qe4 Bf5 19.Nxf5 Nxf5 20.Bd3 Nhxg3 21.hxg3 
Bxf2+ 22.Kxf2 Nxg3+ 23.Kxg3 1-0

[Event "XTRACON GM 2015"]
[Site "Koge DEN"]
[Date "2015.10.12"]
[Round "1.32"]
[White "Bruun, H"]
[Black "Hein, Ja"]
[Result "1-0"]
[WhiteElo "2115"]
[BlackElo "1415"]
[EventDate "2015.10.12"]
[WhiteFideId "1410334"]
[BlackFideId "1402870"]

1.e4 Nc6 2.Nf3 e5 3.Bc4 h6 4.Nc3 Bc5 5.d3 Nf6 6.h3 d6 7.Be3 Nd4 8.Na4 
Nxf3+ 9.Qxf3 Bxe3 10.Qxe3 c6 11.Nc3 a5 12.a4 Bd7 13.O-O O-O 14.f4 exf4 15.
Rxf4 Qe8 16.Rxf6 gxf6 17.Qxh6 Qe5 18.Qg6+ Kh8 19.Qh6+ Kg8 20.Rf1 Qg5 21.
Rxf6 Qxh6 22.Rxh6 Kg7 23.Rxd6 Rad8 24.e5 Rh8 25.Ne4 b5 26.Bb3 Bf5 27.Ng3 
Bxh3 28.gxh3 Rxd6 29.exd6 Kf8 30.Kg2 Rg8 31.Kf3 Rg6 32.Nf5 Ke8 33.Bxf7+ 
Kxf7 34.d7 1-0

[Event "XTRACON GM 2015"]
[Site "Koge DEN"]
[Date "2015.10.14"]
[Round "3.13"]
[White "Nielsen, JanM"]
[Black "Nielsen, Ho"]
[Result "1/2-1/2"]
[WhiteElo "2014"]
[BlackElo "2314"]
[EventDate "2015.10.12"]
[BlackTitle "FM"]
[WhiteFideId "1405306"]
[BlackFideId "7200404"]

1.e4 e5 2.Nf3 Nc6 3.Bc4 Bc5 4.b4 Bxb4 5.c3 Ba5 6.d4 exd4 7.O-O d3 8.Qb3 
Qf6 9.e5 Qg6 10.Rd1 Nge7 11.Ba3 O-O 12.Bxd3 Qh5 13.Nbd2 d6 14.exd6 cxd6 
15.Ne4 Nf5 16.Be2 Bb6 17.Qc2 Re8 18.Bxd6 Nxd6 19.Nxd6 Rf8 20.Rab1 Qg6 21.
Qa4 Be6 22.Nxb7 Ne7 23.Nd6 Nd5 24.Rbc1 Bh3 25.Bf1 Qxd6 26.c4 Qc5 27.cxd5 
Qxf2+ 28.Kh1 Bf5 29.Qf4 Bg6 30.Re1 Qxa2 31.Ne5 Qxd5 32.Bc4 Qd4 33.Qf3 Rad8
34.Nc6 Qf2 35.Nxd8 Qxf3 36.gxf3 Rxd8 37.Ba6 Kf8 38.Rc8 Bf5 39.Rxd8+ Bxd8 
40.Kg2 Be6 41.f4 Ba5 42.Rb1 Bb6 43.Re1 g6 44.Re2 Kg7 45.Kg3 Kf6 46.Rc2 h6 
47.h4 g5 48.hxg5+ hxg5 49.Rc3 Bd4 50.Ra3 Bb6 51.Rc3 Bd4 52.Ra3 Bb2 53.Ra5 
gxf4+ 54.Kxf4 Bc3 55.Rc5 Bb4 56.Rc6 Ba5 1/2-1/2

[Event "XTRACON GM 2015"]
[Site "Koge DEN"]
[Date "2015.10.14"]
[Round "3.19"]
[White "Larsen, Preben R."]
[Black "Henriksen, Kasper"]
[Result "1-0"]
[WhiteElo "1844"]
[BlackElo "2158"]
[EventDate "2015.10.12"]
[WhiteFideId "1425790"]
[BlackFideId "1447475"]

1.e4 e5 2.Nf3 Nc6 3.Bc4 Bc5 4.O-O Nf6 5.d4 Bxd4 6.Nxd4 Nxd4 7.Bg5 h6 8.Bh4
g5 9.f4 Qe7 10.fxg5 Nxe4 11.Qh5 Nxg5 12.Rxf7 Qxf7 13.Bxf7+ Nxf7 14.Nc3 d6 
15.Nd5 Be6 16.Nxc7+ Kd7 17.Nxe6 Kxe6 18.Qg6+ Kd7 19.Qxf7+ Kc6 20.Qc4+ Kd7 
21.c3 Ne6 22.Rd1 Nc7 23.Qd3 Ne8 24.Qd5 Kc7 25.Be7 1-0

[Event "Washington Chess Congress"]
[Site "Washington DC USA"]
[Date "2015.10.08"]
[Round "3.6"]
[White "Sena, J"]
[Black "Checa, Nicolas D"]
[Result "1-0"]
[WhiteElo "2101"]
[BlackElo "2437"]
[EventDate "2015.10.07"]
[BlackTitle "FM"]
[WhiteFideId "6400272"]
[BlackFideId "2069342"]
[EventType "swiss"]

1.e4 e5 2.Nf3 Nc6 3.Bc4 Bc5 4.c3 Nf6 5.d3 O-O 6.O-O d6 7.Nbd2 a6 8.Bb3 Ba7
9.h3 Ne7 10.Nh4 Kh8 11.Qf3 Ng6 12.Nf5 c6 13.g3 Be6 14.Nc4 Bxf5 15.Qxf5 Ng8
16.Be3 N8e7 17.Qh5 b5 18.Nd2 c5 19.Nf3 f6 20.Be6 Qb8 21.Nh4 Nxh4 22.Qxh4 
Qb7 23.Qh5 c4 24.Bxa7 Rxa7 25.Qe2 cxd3 26.Qxd3 Rd8 27.Rfd1 Qb6 28.Rd2 Rc7 
29.a4 b4 30.a5 Qb7 31.Ra4 bxc3 32.bxc3 Rc6 33.Ra3 Qc7 34.Rb2 h6 35.Rab3 
Qxa5 36.Qf3 d5 37.exd5 Nxd5 38.Bf5 Rcd6 39.Rb7 Nc7 40.Bc2 Ne6 41.Qe4 Nf8 
42.Rf7 g6 43.Rxf8+ Rxf8 44.Qxg6 1-0

[Event "Washington Chess Congress"]
[Site "Washington DC USA"]
[Date "2015.10.10"]
[Round "6.4"]
[White "Yudasin, L"]
[Black "Mulyar, M"]
[Result "1/2-1/2"]
[WhiteElo "2515"]
[BlackElo "2400"]
[EventDate "2015.10.07"]
[WhiteTitle "GM"]
[BlackTitle "IM"]
[WhiteFideId "2802341"]
[BlackFideId "2008742"]
[EventType "swiss"]

1.e4 e5 2.Nf3 Nc6 3.Bc4 Nf6 4.d3 Bc5 5.c3 O-O 6.O-O d5 7.exd5 Nxd5 8.Re1 
Nb6 9.Bb3 h6 10.Qe2 Bg4 11.Nbd2 Re8 12.Ne4 Bf8 13.Be3 Be6 14.Bxe6 Rxe6 15.
Nc5 Bxc5 16.Bxc5 Nd5 17.Be3 Nxe3 1/2-1/2

[Event "ch-PUR 2015"]
[Site "Bayamon PUR"]
[Date "2015.10.09"]
[Round "1.9"]
[White "Guzman Freire, Julio"]
[Black "Garcia Santiago, Jorge J."]
[Result "1-0"]
[WhiteElo "1902"]
[BlackElo "1517"]
[EventDate "2015.10.09"]
[WhiteFideId "3101037"]
[BlackFideId "3102785"]

1.e4 e5 2.Nf3 Nc6 3.Bc4 Be7 4.d4 exd4 5.c3 d6 6.cxd4 Bg4 7.Be3 Nf6 8.Nc3 
O-O 9.O-O a6 10.a4 h6 11.a5 Nxe4 12.Nxe4 d5 13.Bd3 dxe4 14.Bxe4 Bf6 15.Qa4
Bxf3 16.Bxf3 Qd7 17.Rac1 Rfd8 18.Rxc6 bxc6 19.Bxc6 Qd6 20.Bxa8 Rxa8 21.Rc1
Rb8 22.b3 Rb5 23.g3 Qd5 24.Qc4 Qxc4 25.Rxc4 Rxb3 26.Rxc7 Rb5 27.Rc5 Rxc5 
28.dxc5 Bc3 29.c6 Bxa5 30.Bf4 1-0

[Event "ch-PUR 2015"]
[Site "Bayamon PUR"]
[Date "2015.10.10"]
[Round "3.13"]
[White "Jimenez Acosta, Jorge"]
[Black "Garcia Santiago, Jorge J."]
[Result "0-1"]
[WhiteElo "1933"]
[BlackElo "1517"]
[EventDate "2015.10.09"]
[WhiteFideId "3100774"]
[BlackFideId "3102785"]

1.e4 e5 2.Nf3 Nc6 3.Bc4 Be7 4.d4 exd4 5.Nxd4 Ne5 6.Bb3 d6 7.Bf4 Nf6 8.Nc3 
a6 9.a4 Ng6 10.Bg3 O-O 11.O-O Re8 12.f3 Nd7 13.Nd5 Nc5 14.Bc4 Bh4 15.Bxh4 
Nxh4 16.Qd2 Ne6 17.Rad1 Bd7 18.b3 Nxd4 19.Qxd4 b5 20.axb5 axb5 21.Bd3 c6 
22.Ne3 Re6 23.g3 Ng6 24.Nf5 Qf6 25.Qxf6 Rxf6 26.Ne3 Bh3 27.Rf2 Ne5 28.Be2 
Rd8 29.f4 Nd7 30.Bf3 Re8 31.e5 dxe5 32.Rxd7 Bxd7 33.fxe5 Rxe5 34.Ng4 Re1+ 
35.Kg2 Bxg4 36.Bxg4 Rxf2+ 37.Kxf2 Re7 38.Bh3 0-1

[Event "Highlander Cup 2015"]
[Site "Budapest HUN"]
[Date "2015.10.17"]
[Round "1.2"]
[White "Balogh, C"]
[Black "Kasimdzhanov, R"]
[Result "0-1"]
[WhiteElo "2657"]
[BlackElo "2704"]
[EventDate "2015.10.17"]
[WhiteTitle "GM"]
[BlackTitle "GM"]
[WhiteFideId "718939"]
[BlackFideId "14200244"]

1.e4 e5 2.Nf3 Nc6 3.Bc4 Bc5 4.O-O d6 5.c3 Nf6 6.d3 h6 7.Nbd2 O-O 8.h3 a6 
9.Bb3 Re8 10.Re1 Be6 11.Nf1 d5 12.exd5 Bxd5 13.Ng3 Bxb3 14.axb3 Qd5 15.Be3
Rad8 16.Qc2 Bf8 17.Rad1 Qd7 18.d4 Nd5 19.Bc1 exd4 20.Rxe8 Qxe8 21.Nxd4 
Ndb4 22.Qf5 Nxd4 23.cxd4 Qd7 24.Be3 Qxf5 25.Nxf5 Rd5 26.Ng3 Rb5 27.Ne4 Nd5
28.Rd3 f5 29.Nc5 Nxe3 30.fxe3 Bxc5 31.dxc5 Rxc5 32.Rd7 Rc2 33.g4 fxg4 34.
hxg4 Rxb2 35.Rxc7 Rxb3 36.Kf2 a5 37.Kf3 a4 38.Kf4 Rb6 39.e4 a3 0-1

[Event "Pankrac Cup 2015"]
[Site "Prague CZE"]
[Date "2015.10.13"]
[Round "5.10"]
[White "Smutny, J"]
[Black "Postupa, M"]
[Result "1/2-1/2"]
[WhiteElo "2218"]
[BlackElo "2125"]
[EventDate "2015.09.15"]
[WhiteFideId "310930"]
[BlackFideId "325210"]

1.e4 e5 2.Nf3 Nc6 3.Bc4 Be7 4.O-O Nf6 5.Re1 O-O 6.c3 d6 7.d3 Na5 8.Bb5 a6 
9.Ba4 b5 10.Bc2 c5 11.d4 Nc6 12.d5 Nb8 13.Nbd2 h6 14.Nf1 Nh7 15.Ng3 Bh4 
16.Nxh4 Qxh4 17.a4 bxa4 18.Rxa4 1/2-1/2

[Event "TCh-FIN 2015-16"]
[Site "Finland FIN"]
[Date "2015.10.11"]
[Round "4.7"]
[White "Kivijarvi, J"]
[Black "Ebeling, M"]
[Result "1/2-1/2"]
[WhiteElo "2203"]
[BlackElo "2230"]
[EventDate "2015.11.07"]
[BlackTitle "FM"]
[WhiteTeam "SalSK, Salo"]
[BlackTeam "MatSK, Espoo"]
[WhiteFideId "503258"]
[BlackFideId "500410"]

1.e4 e5 2.Nf3 Nc6 3.Bc4 Nf6 4.d3 Be7 5.O-O O-O 6.h3 d6 7.c3 Na5 8.Bb5 a6 
9.Ba4 b5 10.Bc2 c5 11.d4 Qc7 12.d5 c4 13.Nh2 Nb7 14.f4 exf4 15.Bxf4 Nc5 
16.Nd2 Ncd7 17.Nhf3 Ne5 18.Nd4 Bd7 19.Bh2 Rab8 20.N2f3 b4 21.Qe1 bxc3 22.
Qxc3 Nxf3+ 23.Rxf3 Qb6 24.Rb1 Rfc8 25.Bg3 Rb7 26.Bf2 Qc7 27.Kh1 Ne8 28.g4 
Bf6 29.Be3 Qd8 30.Qd2 h6 31.Kg2 Qe7 32.Rf2 Rcb8 33.Qc3 Be5 34.Rf3 Nf6 35.
Qxc4 Rxb2 36.Rxb2 Rxb2 37.Nc6 Qe8 38.Bc1 Rb5 39.Nxe5 Rc5 40.Qb3 Qxe5 41.
Bf4 Qe7 42.Re3 g5 43.Bg3 Bb5 44.a4 Qc7 45.axb5 Rxc2+ 46.Kf3 axb5 47.Bxd6 
Qc4 48.Qxc4 bxc4 49.Be5 Nd7 50.Bd4 Rh2 51.Kg3 Rd2 52.Bc3 Rd1 53.Kf2 f6 54.
Ke2 Rh1 55.Rf3 Kg7 56.Kd2 Kg6 57.Bd4 Rb1 58.Kc2 Re1 59.Re3 Rh1 60.Kc3 Rc1+
61.Kb4 h5 62.Re2 Rh1 63.Re3 Rc1 64.Rc3 Rb1+ 65.Kxc4 hxg4 66.hxg4 Rb2 67.
Rg3 Re2 68.Kd3 Ra2 69.Rg1 Ra3+ 70.Kc4 Ra4+ 71.Kc3 Ra3+ 72.Kb4 Rf3 73.Kb5 
Rf4 74.Re1 Rxg4 75.Kc6 Nb8+ 76.Kb7 Nd7 77.Kc7 Nf8 78.Bc5 Kf7 79.e5 fxe5 
80.Rxe5 Rc4 81.Rf5+ Kg6 82.Rxf8 Rxc5+ 83.Kd6 Rc1 84.Ke7 Re1+ 85.Kd7 Rd1 
86.d6 g4 87.Ke7 Re1+ 88.Kd8 Kg5 89.d7 g3 90.Kc7 Rd1 91.d8=Q+ Rxd8 92.Rxd8 
Kf4 93.Kd6 g2 94.Rg8 Kf3 95.Ke5 Kf2 96.Rf8+ Ke3 97.Rg8 Kf2 98.Ke4 g1=Q 99.
Rxg1 Kxg1 1/2-1/2

[Event "3rd Krk Golden Island Op"]
[Site "Malinska CRO"]
[Date "2015.10.23"]
[Round "9.1"]
[White "Chkhaidze, Ni"]
[Black "Banusz, T"]
[Result "0-1"]
[WhiteElo "2323"]
[BlackElo "2604"]
[EventDate "2015.10.17"]
[BlackTitle "GM"]
[WhiteFideId "13601750"]
[BlackFideId "722413"]

1.e4 e5 2.Nf3 Nc6 3.Bc4 Bc5 4.c3 Nf6 5.d4 exd4 6.cxd4 Bb4+ 7.Bd2 Nxe4 8.
Bxb4 Nxb4 9.Bxf7+ Kxf7 10.Qb3+ Kf8 11.Qxb4+ Qe7 12.Qxe7+ Kxe7 13.O-O Re8 
14.Re1 Kf8 15.Na3 Nf6 16.Nb5 Nd5 17.Rxe8+ Kxe8 18.Re1+ Kf8 19.Rc1 c6 20.
Nd6 Ke7 21.Nf5+ Kf6 22.Nd6 Ke7 23.Nf5+ Kf8 24.Re1 b6 25.Ne5 Nf6 26.Nd6 Ke7
27.Nxc8+ Rxc8 28.Nxc6+ Kf8 29.Nxa7 Ra8 30.Nb5 Rxa2 31.Rb1 Ra4 32.f3 Rb4 
33.Nc3 Rxd4 34.Rd1 Rxd1+ 35.Nxd1 Ke7 36.Kf2 Kd6 37.Ke3 Kc5 38.h4 Kc4 39.g4
d5 40.Nf2 d4+ 41.Kd2 Nd7 42.Nd3 Nc5 43.Ne5+ Kd5 44.Nd3 Nxd3 45.Kxd3 Ke5 
46.g5 Kf4 47.Kxd4 Kxf3 48.h5 Kg4 49.g6 hxg6 50.hxg6 Kf5 51.Kd5 Kxg6 52.Kc6
Kf5 53.Kxb6 g5 54.Kc5 g4 55.Kd4 Kf4 56.Kd3 Kf3 0-1

[Event "3rd Krk Golden Island Op"]
[Site "Malinska CRO"]
[Date "2015.10.23"]
[Round "9.3"]
[White "Vovk, Y"]
[Black "Doncea, V"]
[Result "1-0"]
[WhiteElo "2617"]
[BlackElo "2404"]
[EventDate "2015.10.17"]
[WhiteTitle "GM"]
[BlackTitle "IM"]
[WhiteFideId "14113171"]
[BlackFideId "1210750"]

1.e4 e5 2.Nf3 Nc6 3.Bc4 Bc5 4.d3 Nf6 5.O-O O-O 6.a3 a6 7.b4 Ba7 8.Nc3 d6 
9.h3 Be6 10.Rb1 d5 11.exd5 Nxd5 12.Ne4 Re8 13.Nfg5 Bf5 14.Nxf7 Kxf7 15.
Qh5+ Bg6 16.Qf3+ Ke6 17.Ng5+ Ke7 18.Qxd5 Qxd5 19.Bxd5 Nd4 20.Bxb7 Rab8 21.
Bxa6 Nxc2 22.Nf3 1-0

[Event "Corsican Circuit Final"]
[Site "Bastia FRA"]
[Date "2015.10.19"]
[Round "3.5"]
[White "Onischuk, V"]
[Black "Fressinet, L"]
[Result "1-0"]
[WhiteElo "2612"]
[BlackElo "2702"]
[EventDate "2015.10.18"]
[WhiteTitle "GM"]
[BlackTitle "GM"]
[WhiteFideId "14114038"]
[BlackFideId "608742"]
[EventType "blitz"]

1.e4 e5 2.Nf3 Nc6 3.Bc4 Bc5 4.c3 Nf6 5.d3 O-O 6.Nbd2 d5 7.exd5 Nxd5 8.O-O 
Nb6 9.Bb5 Bd6 10.Ne4 f5 11.Nxd6 cxd6 12.d4 e4 13.Ng5 d5 14.Nh3 Ne7 15.Be2 
Ng6 16.f4 exf3 17.Bxf3 f4 18.Nf2 Nh4 19.Nd3 g5 20.Ne5 Bf5 21.Bg4 Be4 22.g3
fxg3 23.hxg3 Ng6 24.Rxf8+ Qxf8 25.Bxg5 Nxe5 26.dxe5 Re8 27.Bf6 Qh6 28.Bf3 
Nc4 29.Bxe4 Qe3+ 30.Kh2 Qxe4 31.Qh5 Qg6 32.Qxg6+ hxg6 33.Kg2 Kf7 34.Rh1 
Nxb2 35.Rh7+ Ke6 36.Rxb7 Na4 37.Rxa7 Nxc3 38.Ra6+ Kf5 39.Kf3 g5 40.g4+ Kg6
41.Bd8+ Kf7 42.Bxg5 Ne4 43.Bf6 Nc5 44.Ra7+ Ke6 45.g5 d4 46.Rc7 Kd5 47.g6 
d3 48.Ke3 Ra8 49.g7 Ne6 50.Rd7+ Kc4 51.Rxd3 1-0

[Event "SPICE Cup Open 2015"]
[Site "Saint Louis USA"]
[Date "2015.10.19"]
[Round "4.14"]
[White "Santarius, E"]
[Black "Richter, Alex J"]
[Result "1/2-1/2"]
[WhiteElo "2334"]
[BlackElo "2118"]
[EventDate "2015.10.17"]
[WhiteFideId "2025817"]
[BlackFideId "2080036"]

1.e4 e5 2.Nf3 Nc6 3.Bc4 Bc5 4.c3 Nf6 5.d3 d6 6.b4 Bb6 7.a4 a6 8.Qb3 O-O 9.
Bg5 Ne7 10.Nbd2 Ng6 11.h4 h6 12.h5 Nf4 13.Bxf4 exf4 14.d4 Qe7 15.a5 Nxe4 
16.Nxe4 Qxe4+ 17.Kd2 Ba7 18.Rae1 Qf5 19.Re7 c6 20.Bd3 Qf6 21.Rhe1 d5 22.
Bb1 g6 23.Qd1 Bb8 24.Re8 Bd6 25.Rxf8+ Kxf8 26.Ne5 Bxe5 27.Rxe5 Bd7 28.Qe2 
Re8 29.Rxe8+ Bxe8 30.Qg4 gxh5 31.Qxh5 Bd7 32.Bd3 Qg7 33.Ke1 Be6 34.Kf1 Qg5
35.Be2 Bf5 36.Kg1 Be4 37.Qxg5 hxg5 38.Bg4 Ke7 39.Kh2 Kd6 40.Be2 Bf5 41.Bh5
Be6 42.Be2 Kc7 43.Bd3 Kd6 44.Bc2 Ke7 45.Bd3 Kf6 46.Kg1 g4 47.f3 g3 48.Kf1 
Ke7 49.Ke1 Kd6 50.Kd2 Bh3 51.Bf1 Bf5 52.Bd3 Bxd3 53.Kxd3 Kc7 54.c4 dxc4+ 
55.Kxc4 b6 56.axb6+ Kxb6 57.Kc3 Kc7 58.Kd3 f5 59.Kc3 Kd7 60.Kb3 Ke6 61.Kc2
Kd5 62.Kc3 Ke6 63.Kc4 Kd6 64.Kc3 1/2-1/2

[Event "SPICE Cup Open 2015"]
[Site "Saint Louis USA"]
[Date "2015.10.19"]
[Round "4.16"]
[White "Hendrickson, Nolan R"]
[Black "Patel, Advait"]
[Result "0-1"]
[WhiteElo "2200"]
[BlackElo "2309"]
[EventDate "2015.10.17"]
[WhiteFideId "2038188"]
[BlackFideId "2075105"]

1.e4 e5 2.Nf3 Nc6 3.Bc4 Bc5 4.O-O Nf6 5.d3 O-O 6.c3 d6 7.Bg5 h6 8.Bh4 g5 
9.Nxg5 hxg5 10.Bxg5 Kg7 11.b4 Bb6 12.Qf3 Kg6 13.Bh4 Rg8 14.h3 Be6 15.Nd2 
Qe7 16.Bd5 Rg7 17.a4 a5 18.b5 Na7 19.Nc4 Rh8 20.Qg3+ Kh7 21.Qf3 Rg6 22.Ne3
Bxe3 23.Qxe3 Kg7 24.Bxe6 Qxe6 25.f4 exf4 26.Rxf4 Nc8 27.Raf1 Rhh6 28.d4 
Kh8 29.Qf3 Ng8 30.Be1 Rxh3 31.Qe2 Rh7 32.Bh4 Nce7 33.c4 Rgg7 34.Bf6 Nxf6 
35.Rxf6 Qh3 36.Qf3 Rg3 0-1